000 00469nam a2200181Ia 4500
001 9623
005 20260306161732.0
008 260306t2006||||xx |||||||||||||| ||spa||
041 _aESP
082 _a382.9
_bC32
100 _aCaselli, Clara
_eAUT
245 0 _aEl desafío del comercio justo en América Latina:
_bel caso del sector artesanal
260 _c2006
300 _a212 páginas :
_c24 cm.
650 _aGEN
654 _aCAN
942 _cLIB
_dJUS
_fJUS
_2ddc
_n
999 _c9623
_d9623